Chile: Physical features, natural resources, means of communication, manufactures and industrial development

Bewaard in:
Bibliografische gegevens
Hoofdauteur: Mills, George J. (autor)
Formaat: Boek
Taal:Engels
Gepubliceerd in: Londres Pitman & Sons, Ltd 1914
Editie:1a. ed
Reeks:South American Handbooks
Onderwerpen:
Tags: Voeg label toe
Geen labels, Wees de eerste die dit record labelt!

MARC

LEADER 00000nam a2200000 a 4500
001 UCJ3812
003 CL-VaPUC
005 20250227100116.0
008 070124e19140000UK |||||||||||||||||eng|d
999 |c 319934  |d 319932 
040 |c Pontificia Universidad Católica de Valparaíso 
082 0 4 |a 910.4  |b MIL  |2 21 
100 |a Mills, George J.  |e autor  |9 506185 
245 1 0 |a Chile: Physical features, natural resources, means of communication, manufactures and industrial development 
250 |a 1a. ed 
260 |a Londres  |b Pitman & Sons, Ltd  |c 1914 
300 |a 193 p 
490 0 |a South American Handbooks 
500 |a Un mapa de América del Sur, un mapa de Chile anterior al Plebiscito de Tacna y Arica, índice de las principales ciudades con una breve relación de ellas, índice de Cónsules y Embajadores, Tratados y Convenciones suscritos por Chile, Guía postal telegráfica, etc. 
583 |a last modification  |c 20070124 00:00:00  |k Rodrigo Vera 
600 |a Koebel, William Henry  |d 1872-1923  |9 859598 
650 0 |a Viajes  |9 257115 
650 0 |a Geografía  |9 259346 
650 0 |a Economía   |9 255568 
650 0 |a Recursos naturales  |9 255232 
650 0 |a Estadística económica  |9 506187 
650 0 |a Comercio  |9 255341 
650 0 |a Moneda  |9 342365 
650 0 |a Finanzas  |9 260832 
650 0 |a Puertos  |9 260105 
650 0 |a Administración  |9 259325 
650 0 |a Gobierno   |9 255508 
650 7 |a INSTITUCIONES  |2 CL-VaPUC  |9 329701 
650 7 |a DIVISION POLITICA  |2 CL-VaPUC  |9 469494 
650 7 |a PESOS Y MEDIDAS  |2 CL-VaPUC  |9 504825 
650 0 |a Ciudades  |9 265474 
650 7 |a REPRENTACIONES CONSULARES  |2 CL-VaPUC  |9 506188 
651 0 |a Santiago  |9 265444 
651 0 |a Viña del Mar  |9 327030 
651 7 |a CORRAL  |2 CL-VaPUC  |9 479429 
651 0 |a Valparaíso, Chile  |9 261144 
852 |a BIBCUR 
942 |c BK  |2 ddc 
945 |d 20070124 00:00:00  |a rinostro 
952 |0 0  |1 0  |4 0  |6 910_400000000000000_MIL_1914  |7 0  |8 X  |9 398340  |a FDOBUD  |b FDOBUD  |d 2019-11-22  |i 1008544  |o 910.4 MIL 1914  |p 1008544  |r 2019-11-22  |w 2019-11-22  |y BK_X  |k BUD